000 00440nam a2200157Ia 4500
008 160316s2008 xxu||||| |||| 00| 0 eng d
082 _a346.017000
_bTHE
100 _a
245 _aThe African report on child wellbeing: how child - frendly are African governaments?
250 _a
260 _aEthiopia
_bThe African child policy forum
_c2008
300 _a192
_b
_c
365 _b
650 _aChild wellbeing, Child
700 _a
_a
999 _c27942
_d27942